Statistics for Names of the United Kingdom Quiz

Click here to take the quiz!

General Stats

  • This quiz has been taken 549 times
  • The average score is 10 of 15

Answer Stats

NameLanguage% Correct
United KingdomEnglish
96%
英国Mandarin
95%
ВеликобританияRussian
93%
Vereinigtes KönigreichGerman
90%
イギリスJapanese
90%
Royaume-UniFrench
87%
المملك المتحدةArabic
84%
Regno UnitoItalian
79%
Wielka BrytaniaPolish
77%
Verenigd KoninkrijkDutch
66%
संयुक्त राजशाहीHindi
51%
Y Deyrnas UnedigWelsh
51%
הממלכה המאוחדתHebrew
46%
Unitit KinrickScots
27%
Britania RayaIndonesian
12%

Score Distribution

Percentile by Number Answered

Percent of People with Each Score

Your Score History

You have not taken this quiz